Statistics for Driver's license - Olivia Rodrigo (all lyrics)

Click here to take the quiz!

General Stats

  • This quiz has been taken 77 times
  • The average score is 306 of 356

Answer Stats

Answer% Correct
Drive
100%
I
100%
Last
100%
My
100%
We
100%
About
98%
Always
98%
Driver's
98%
Go
98%
Like
98%
Me
98%
Talked
98%
To
98%
You
98%
You,
98%
Your
98%
Just
96%
License
96%
So
96%
The
96%
Week
96%
Cause
95%
For
95%
Got
95%
But
93%
In
93%
No
93%
That
93%
And
91%
I'm
91%
One
91%
We're
91%
Were
91%
Be
89%
House
89%
How
89%
Know
89%
Past
89%
street
89%
Street
89%
This
89%
Alone
88%
Could
88%
Now
88%
Said
88%
Up
88%
Way
88%
Didn't
86%
Forever,
86%
Forever
86%
Imagine
86%
Never
86%
Today,
86%
Today
86%
Can't
84%
Do
84%
Drove
84%
Excited
84%
Felt
84%
Love
84%
Okay,
84%
Okay
84%
Perfect
84%
What
84%
Gone?
82%
I've
82%
Mean
82%
Song
82%
Suburbs
82%
Weren't
82%
Red
80%
Through
80%
Wrote
80%
Ever
79%
Finally
79%
Crying
77%
Lights
77%
Around
75%
Guess
75%
Much
75%
Still
75%
With
75%
You're
75%
Face
73%
Girl
73%
See
73%
Stop
73%
Blonde
71%
She's
71%
Someone
71%
All
70%
Doubt
70%
Else?
70%
Made
70%
Than
70%
Yeah,
70%
Are
68%
Everything
68%
Feel
68%
Friends
68%
Hear
68%
Insecure
68%
Signs
68%
Who
68%
Miss
66%
Fucking
64%
Probably
64%
Driving
63%
Older
63%
Sorry
63%
Them
61%
Was
61%
Babe,
59%
They'll
59%
Tired
59%
Used
59%
Home
57%
Of
57%
Hearing
54%
Kinda
54%
Places
52%
Cars
46%
Laughing
46%
Voice
46%
Front
45%
Pictured
45%
Traffic
45%
White
43%
Yards
39%
Noise
38%
Over
38%
Blue,
34%
God,
34%
Sidewalks
32%
Crossed
27%

Score Distribution

Percentile by Number Answered

Percent of People with Each Score

Your Score History

You have not taken this quiz